zpět

Detail výsledku týmu

Dělnický dům, Jihlava

Datum a čas kvízu

29 Celkem bodů Celkový počet nahraných bodů na tomto kvízu bez doplňovacích otázek.
8. Pořadí na kvízu Konečné umístění týmu na tomto kvízu.

Zaznamenané odpovědi

# Otázka Odpověď Body Výsledky
1. V pondělí odpoledne došlo k za... Merkur 1
2. Politická krize v Bolívii minu... v Mexiku 0
3. Ve čtvrtek vstoupil do našich... Amnestie 1
4. Čínská firma Huawei rozdá svým... trumpovné 1
5. Ve kterém českém městě se odeh... v Plzni 1
6. Téma o tomto komikovi si vybra... v Litoměřicích 1
7. Jak se jmenuje herečka zdatně... Iva Janžurová 1
8. Kdo je "průkopníkem českého di... Tyl 1
9. Milan Neděla hraje v této scén... B) manželem Holzmannovy milenky 1
10. Ve scénce V restauraci hraje H... To vám snad stačí, ne? 1